Zváranie výmenníkov tepla pre automobilový priemysel

Saved in:
Bibliographic Details
Main Author: Lopatková, Michaela (Author)
Other Authors: Bárta, Jozef (Thesis advisor)
Format: Manuscript Book
Language:Slovak
Published: 2018
Subjects:
Online Access:http://is.stuba.sk/zp/portal_zp.pl?podrobnosti=138606
Tags: Add Tag
No Tags, Be the first to tag this record!

MARC

LEADER 00000ntm a22000003a 4500
001 stuzp68054
003 SK-STU
005 20180820155831.9
007 ta
008 150427s2015----xo-----f-mn---000-0-slo-d
040 |a STU  |b slo 
041 0 |a slo 
100 1 |a Lopatková, Michaela  |u 063000  |4 aut  |U MTF Materiálovotechnologická fakulta  |T MTF Ústav výrobných technológií  |X 71843  |U M3000  |Y 83  |7 71843 
242 0 1 |a Welding of heat exchangers for automotive industry  |y eng 
245 1 0 |a Zváranie výmenníkov tepla pre automobilový priemysel 
260 |c 2018 
650 4 |a tepelný výmenník  |2 slo 
650 4 |a austenitická koróziivzdorná oceľ  |2 slo 
650 4 |a zváranie laserom  |2 slo 
650 4 |a heat exchanger  |2 eng 
650 4 |a austenitic stainless steel  |2 eng 
650 4 |a laser beam welding  |2 eng 
700 1 |a Bárta, Jozef  |u 063700  |k Z1  |4 ths  |U MTF Ústav výrobných technológií  |T MTF Katedra zvárania a zlievarenstva  |X 27522  |U M3700  |Y 842  |7 A000027522 
856 4 |u http://is.stuba.sk/zp/portal_zp.pl?podrobnosti=138606 
996 |c M* DP-13491  |l MMSKP  |s P  |a 0  |w stuzp68054_0001